Wird geladen...
The Word and the World
| 1. Verfasser: | |
|---|---|
| Format: | Printed Book |
| Veröffentlicht: |
Delhi;
Oxford University Press;
1990
|
| Schlagworte: |
| LEADER | 00483nam a22001337a 4500 | ||
|---|---|---|---|
| 082 | |a 410 |b BIM/T N0 | ||
| 100 | |a Bimal Krishna Matilal |9 297784 | ||
| 245 | |a The Word and the World | ||
| 260 | |a Delhi; |b Oxford University Press; |c 1990 | ||
| 300 | |a 189p. | ||
| 650 | |a Language/ Lingustics; |9 297785 | ||
| 942 | |c BK | ||
| 999 | |c 65893 |d 65893 | ||
| 952 | |0 0 |1 0 |4 0 |6 410_000000000000000_BIM_T_N0 |7 0 |8 EnglishL |9 78578 |a MAL |b MAL |d 2016-10-25 |e 38065 |g 175.00 |l 0 |o 410 BIM/T N0 |p MAL038065 |r 2016-10-25 |t 1 |w 2016-10-25 |y BK | ||